000 01032nam a2200277 i 4500
001 60316
003 ES-MaACL
005 20251114102517.0
007 t|
008 031104s1980 sp ||||1| spa d
020 _a84-265-3910-6
080 _a912(100)
100 1 _aGoode, John Paul.
_9173043
245 1 0 _aAtlas mundial Emesa /
_c[de John Paul Goode] ; dirigido por Edward B. Espenshade, Joel L. Morrison ; edición española preparada por José Manuel Casas Torres, Pedro Plans Sanz de Bremond, Juan Córdoba y Ordónez.
250 _a2ª ed.
260 _aMadrid :
_bMagisterio Español,
_c1980.
300 _aXIV, 303 p. :
_bprincipalmente mapas col. ;
_c29 cm.
650 7 _aAtlas
_2embne
_910407
700 1 _aEspenshade, Edward B.
_947807
700 1 _aMorrison, Joel L.
_983685
700 1 _aCasas Torres, José Manuel,
_d1916-2010
_936236
700 1 _aPlans Sanz de Bremond, Pedro.
_992570
700 1 _aCórdoba y Ordóñez, Juan.
_940556
852 _aES-MaACL
_jL-2079
999 _c60316
_d60316